Oscar de la meilleure actrice (1929-1960) - Statistiques

Statistiques générales
  • Ce quiz a été pris 22 fois
  • Le résultat moyen est 11 sur 27
Statistiques - réponses
Par images Réponse % Correct
Audrey Hepburn
100%
Katharine Hepburn
100%
Simone Signoret
100%
Grace Kelly
88%
Ingrid Bergman
88%
Vivien Leigh
71%
Olivia de Havilland
65%
Bette Davis
59%
Claudette Colbert
59%
Joan Crawford
53%
Anna Magnani
47%
Joan Fontaine
41%
Mary Pickford
41%
Luise Rainer
29%
Susan Hayward
29%
Ginger Rogers
24%
Jennifer Jones
24%
Jane Wyman
18%
Joanne Woodward
18%
Loretta Young
18%
Norma Shearer
18%
Greer Garson
12%
Helen Hayes
12%
Marie Dressler
12%
Janet Gaynor
6%
Judy Holliday
6%
Shirley Booth
6%
Aucun quiz correspondant
Distribution des résultats
% des personnes avec chaque résultat
Percentile par nombre de réponses
Votre historique - résultats
Vous n’avez pas pris ce quiz